|
|
|
|
| LEADER |
01634nam a22002897a 4500 |
| 001 |
4489 |
| 003 |
BD-DhAAL |
| 005 |
20230313171623.0 |
| 008 |
141117s1907 ii ||||| |||| 00| 1 ben d |
| 020 |
|
|
|a 9848119167
|
| 040 |
|
|
|a BD-DhAAL
|c BD-DhAAL
|
| 041 |
|
|
|a ben
|
| 082 |
|
|
|2 22
|a 891.4437
|
| 100 |
|
|
|a ঠাকুর, রবীন্দ্রনাথ
|9 3812
|
| 245 |
|
|
|a রবীন্দ্র-রচনাবলী,
|n তৃতীয় খণ্ড /
|c রবীন্দ্রনাথ ঠাকুর
|
| 250 |
|
|
|a প্রথম সংস্করণ.
|
| 260 |
|
|
|a কলিকাতা :
|a ঢাকা :
|b বিশ্বভারতী ;
|b জয় বুকস ইন্টারন্যাশনাল,
|c ১৯০৭,
|c ১৯৯৯.
|
| 300 |
|
|
|a ৬৫৩ পৃষ্ঠা,
|a ৮৩৩ পৃষ্ঠা ;
|c ২৪ সে. মি.
|
| 500 |
|
|
|a নিঘন্ট অন্তর্ভূক্ত।
|
| 541 |
|
|
|a Donated by Akbar Ali Khan
|e 4489, 40256
|
| 600 |
|
|
|a Tagore, Rabindranath,
|d 1861-1941,
|x Fiction.
|9 53216
|
| 600 |
|
|
|a ঠাকুর, রবীন্দ্রনাথ,
|d ১৮৬১-১৯৪১,
|x রচনাবলী.
|9 2545
|
| 852 |
|
|
|a Ayesha Abed Library
|c General Stacks
|
| 942 |
|
|
|2 ddc
|c BK
|
| 999 |
|
|
|c 33050
|d 33050
|
| 952 |
|
|
|0 0
|1 0
|2 ddc
|4 0
|6 891_443700000000000_TAG
|7 0
|9 44063
|a BRACUL
|b BRACUL
|c GEN
|d 2014-11-17
|g 132.00
|l 2
|m 12
|o 891.4437 TAG
|p 3010004489
|r 2025-03-24
|s 2025-02-10
|t 1
|w 2014-11-17
|y BK
|
| 952 |
|
|
|0 0
|1 0
|2 ddc
|4 0
|6 891_443700000000000_TAG
|7 1
|9 72546
|a BRACUL
|b BRACUL
|c AWC
|d 2022-12-20
|e Donated by Akbar Ali Khan
|g 260.00
|l 0
|o 891.4437 TAG
|p 3010040256
|r 2022-12-20
|t 2
|v 260.00
|w 2022-12-20
|y BK
|